000 02088nam1a22004091i 4500
001 RU\NLR\bibl\1015861
005 20241213212510.0
010 _a5-288-03990-9
035 _a(NLR Aleph) 001003437
090 _a593149
_c593149
100 _a20061201d2006 k y0rusy50 ca
101 0 _arus
_aeng
_achi
_eeng
102 _aRU
105 _a||||z |||||
200 1 _aПроблемы литератур Дальнего Востока
_dIssues of Far Eastern literatures
_eсборник материалов II Международной научной конференции, Санкт-Петербург, 27 июня - 1 июля 2006 г.
_e[в 2 т.
_fотв. ред. Е.А. Серебряков, Чэнь Гоэнь]
_zeng
210 _aСанкт-Петербург
_cиздательский дом Санкт-Петербургского государственного университета
_d2006
215 _d20
225 1 _aAsian and African studies in Saint Petersburg
300 _aВ надзаг.: С.-Петерб. гос. ун-т, Вост. фак., Уханьский ун-т, Филол. ин-т
300 _aПосвящается 125-летию со дня рождения Лу Синя (1881-1936)
463 0 _10011003415
463 0 _10011005298
510 1 _aIssues of Far Eastern literatures
_zeng
600 0 _aЛу Синь
_f1881 - 1936
_jСъезды, совещания и т.п.
_91319796
_3RU\NLR\auth\66548113
606 1 _aЛитература народов Востока
_jСъезды, совещания и т.п.
_91489603
_3RU\NLR\auth\66639749
686 _aШ5(5)я434
686 _aШ5(5Кит)7-4Лу Синь я434
702 1 _aСеребряков
_bЕ. А.
_gЕвгений Александрович
_4340
702 0 _aЧэнь Гоэнь
_4340
801 0 _aRU
_bNLR
_c20061201
_grcr
801 1 _aRU
_bNLR
_c20061201
852 _aNLR
_j2006-3/29232
852 _aNLR
_bОЛСАА-кит.
_j2-12820
942 _cBOOK
980 1 _aCHIN